Diseño gráfico en México, 100 años : (Record no. 12014)

MARC details
000 -CABECERA
campo de control de longitud fija 00843nam a2200253 4500
003 - IDENTIFICADOR DEL NÚMERO DE CONTROL
campo de control OSt
005 - FECHA Y HORA DE LA ÚLTIMA TRANSACCIÓN
campo de control 20260530113907.0
008 - DATOS DE LONGITUD FIJA--INFORMACIÓN GENERAL
campo de control de longitud fija 260501t2010 mx a|||| |||| 00| 0 spa d
020 ## - NÚMERO INTERNACIONAL ESTÁNDAR DEL LIBRO
Número Internacional Estándar del Libro 9786074610406
040 ## - FUENTE DE LA CATALOGACIÓN
Centro catalogador/agencia de origen OTC
Lengua de catalogación spa
Centro/agencia transcriptor OTC
041 ## - CÓDIGO DE LENGUA
Código de lengua del texto/banda sonora o título independiente spa
050 #4 - SIGNATURA TOPOGRÁFICA DE LA BIBLIOTECA DEL CONGRESO
Número de clasificación NC998.6.M6
Número de documento/Ítem D59
100 1# - ENTRADA PRINCIPAL--NOMBRE DE PERSONA
Nombre de persona Giovanni Tronconi
9 (RLIN) 32989
245 00 - MENCIÓN DE TÍTULO
Título Diseño gráfico en México, 100 años :
Resto del título 1900-2000 /
Mención de responsabilidad, etc. Giovanni Troconi ; Luis Almeida [ y otros once]
264 #1 - PRODUCCIÓN, PUBLICACIÓN, DISTRIBUCIÓN, FABRICACIÓN Y COPYRIGHT
Producción, publicación, distribución, fabricación y copyright México, D.F. :
Nombre del de productor, editor, distribuidor, fabricante Artes de México :
-- UAM,
Fecha de producción, publicación, distribución, fabricación o copyright 2010
300 ## - DESCRIPCIÓN FÍSICA
Extensión 463 páginas .:
Otras características físicas ilustraciones
336 ## - TIPO DE CONTENIDO
Término de tipo de contenido texto
Fuente rdacontent
337 ## - TIPO DE MEDIO
Nombre/término del tipo de medio sin medio
Fuente rdamedia
338 ## - TIPO DE SOPORTE
Nombre/término del tipo de soporte volumen
Fuente rdacarrier
650 ## - PUNTO DE ACCESO ADICIONAL DE MATERIA--TÉRMINO DE MATERIA
Término de materia o nombre geográfico como elemento de entrada Arte comercial
Subdivisión de forma Catalogos
Subdivisión geográfica Mexico
9 (RLIN) 32990
700 1# - PUNTO DE ACCESO ADICIONAL--NOMBRE DE PERSONA
Nombre de persona Troconi, Giovanni,
Término indicativo de función/relación editor
9 (RLIN) 6131
700 1# - PUNTO DE ACCESO ADICIONAL--NOMBRE DE PERSONA
Nombre de persona Almeida, Luis,
Fechas asociadas al nombre 1946-
Término indicativo de función/relación colaborador
9 (RLIN) 32991
942 ## - ELEMENTOS DE PUNTO DE ACCESO ADICIONAL (KOHA)
Fuente del sistema de clasificación o colocación Library of Congress Classification
Tipo de ítem Koha
Suprimir en OPAC 1

No items available.